000 00378nam a2200133Ia 4500
008 220214s9999 xx 000 0 und d
100 _aIsa Mohd
245 0 _aTowards improving the smallholder sector: Rubber industry smallholders Development Authority, Malaysia
260 _bLeaflet
_c1973
300 _a11p
700 _aShah Ibrahim
700 _aWahid S b A
942 _cRE
999 _c46496
_d46496